Prepravná náročnosť HDP na Slovensku
Analýza vývoja ukazovateľov o vývoji v doprave vo vzťahu k HDP. Preprava tovaru nákladnou dopravou. Výkony nákladnej dopravy. Tržby za vlastné výkony a tovar v doprave. Podiel odvetvia dopravy na tvorbe HDP.
Enregistré dans:
| Auteur principal: | |
|---|---|
| Autres auteurs: | |
| Format: | Chapitre de livre |
| Langue: | slovaque |
| Sujets: | |
| Tags: |
Pas de tags, Soyez le premier à ajouter un tag!
|
MARC
| LEADER | 00000naa$a2200000$$$4500 | ||
|---|---|---|---|
| 001 | 0099409 | ||
| 005 | 20220713124429.7 | ||
| 041 | 0 | |a slo | |
| 044 | |a SK | ||
| 245 | 1 | 0 | |a Prepravná náročnosť HDP na Slovensku |c Michal Olexa, Ján Haluška |
| 520 | |a Analýza vývoja ukazovateľov o vývoji v doprave vo vzťahu k HDP. Preprava tovaru nákladnou dopravou. Výkony nákladnej dopravy. Tržby za vlastné výkony a tovar v doprave. Podiel odvetvia dopravy na tvorbe HDP. | ||
| 610 | 2 | 0 | |a doprava nákladná |
| 610 | 2 | 0 | |a doprava nákladná |
| 610 | 2 | 0 | |a preprava |
| 610 | 2 | 0 | |a produkt domáci hrubý |
| 610 | 2 | 0 | |a tržby |
| 610 | 2 | 0 | |a ukazovatele pomerové |
| 610 | 2 | 0 | |a Slovensko |
| 100 | 1 | |a Olexa, Michal | |
| 700 | 1 | |a Haluška, Ján | |